<?xml version='1.0' encoding='UTF-8'?>
  <record xmlns="http://www.loc.gov/MARC21/slim">
    <leader>00000cem a22000007i 4500</leader>
    <controlfield tag="001">ocn902722236</controlfield>
    <controlfield tag="003">OCoLC</controlfield>
    <controlfield tag="005">20240704191655.5</controlfield>
    <controlfield tag="008">150202s1824    gw        u     0   und d</controlfield>
    <datafield tag="040" ind1=" " ind2=" ">
      <subfield code="a">NLGGC</subfield>
      <subfield code="b">dut</subfield>
      <subfield code="e">fobidrtb</subfield>
      <subfield code="c">NLGGC</subfield>
      <subfield code="d">QGJ</subfield>
      <subfield code="d">OCLCL</subfield>
      <subfield code="d">OCLCQ</subfield>
    </datafield>
    <datafield tag="035" ind1=" " ind2=" ">
      <subfield code="a">(OCoLC)902722236</subfield>
    </datafield>
    <datafield tag="245" ind1="0" ind2="0">
      <subfield code="a">Charte für die allgemeine Geschichte von Carl V. bis auf den Anfang des XXX-jährigen Krieges :</subfield>
      <subfield code="b">d.i. von 1519 bis 1618 n. Christus /</subfield>
      <subfield code="c">entworfen von F. W. Benicken ; A. Falger gr.</subfield>
    </datafield>
    <datafield tag="260" ind1=" " ind2=" ">
      <subfield code="a">Weimar :</subfield>
      <subfield code="b">Verlag des L. Industrie-Comptoirs,</subfield>
      <subfield code="c">[1824]</subfield>
    </datafield>
    <datafield tag="300" ind1=" " ind2=" ">
      <subfield code="a">2 krt. :</subfield>
      <subfield code="b">lithogr., in kleur. ;</subfield>
      <subfield code="c">60 x 57 cm, 60 x 40 cm.</subfield>
    </datafield>
    <datafield tag="336" ind1=" " ind2=" ">
      <subfield code="a">cartografische afbeelding</subfield>
      <subfield code="b">cri</subfield>
      <subfield code="2">rdacontent/dut</subfield>
    </datafield>
    <datafield tag="337" ind1=" " ind2=" ">
      <subfield code="a">zonder medium</subfield>
      <subfield code="b">n</subfield>
      <subfield code="2">rdamedia/dut</subfield>
    </datafield>
    <datafield tag="338" ind1=" " ind2=" ">
      <subfield code="a">vel</subfield>
      <subfield code="b">nb</subfield>
      <subfield code="2">rdacarrier/dut</subfield>
    </datafield>
    <datafield tag="490" ind1="0" ind2=" ">
      <subfield code="a">Historischer Hand-Atlas zur Versinnlichung der Allgemeinen Geschichte aller Voelker und Staaten ;</subfield>
      <subfield code="v">9</subfield>
    </datafield>
    <datafield tag="500" ind1=" " ind2=" ">
      <subfield code="a">Krt. 9A met 5 bijkrt.: Königreich Frankreich; Königr. Ungarn; Die Staaten Italiens u.d. Schweiz um das Jahr 1600; Schauplatz des Freiheitskampfes der Niederlande; Deutschland um 1600.</subfield>
    </datafield>
    <datafield tag="500" ind1=" " ind2=" ">
      <subfield code="a">A. Die alte Welt. B. Die neue Welt.</subfield>
    </datafield>
    <datafield tag="655" ind1=" " ind2="7">
      <subfield code="a">Kaarten (vorm)</subfield>
      <subfield code="0">(NL-LeOCL)088143554.</subfield>
      <subfield code="2">gtt</subfield>
    </datafield>
    <datafield tag="700" ind1="1" ind2=" ">
      <subfield code="a">Benicken, Friedrich Wilhelm,</subfield>
      <subfield code="d">1783-1847.</subfield>
    </datafield>
    <datafield tag="700" ind1="1" ind2=" ">
      <subfield code="a">Falger, Anton,</subfield>
      <subfield code="d">1791-ca. 1855.</subfield>
    </datafield>
    <datafield tag="758" ind1=" " ind2=" ">
      <subfield code="a">Charte für die allgemeine Geschichte von Carl V. bis auf den Anfang des XXX-jährigen Krieges (CartographicMaterial)</subfield>
      <subfield code="1">https://id.oclc.org/worldcat/entity/E39PD3tcWv8QPqkbMV8fdpWyxC</subfield>
      <subfield code="4">https://id.oclc.org/worldcat/ontology/hasWork</subfield>
    </datafield>
    <datafield tag="936" ind1=" " ind2=" ">
      <subfield code="a">BATCHLOAD</subfield>
    </datafield>
  </record>